MARC

LEADER 00000nam0a2200000 4500
001 169455
005 20231101222827.0
035 |a (RuTPU)RU\TPU\book\183812 
090 |a 169455 
100 |a 20091112d1980 k y0rusy50 ca 
101 0 |a rus 
102 |a KZ 
105 |a a z 001zy 
200 1 |a Химия и технология соединений мышьяка и сурьмы  |e [сборник статей]  |f АН КазССР, Химико-металлургический институт (ХМИ) ; отв. ред. Д. Н. Абишев 
210 |a Алма-Ата  |c Наука  |d 1980 
215 |a 170 с.  |c ил. 
225 1 |a Труды Химико-металлургического института  |v Т. 29 
320 |a Библиогр. в конце ст. 
606 1 |a Мышьяк  |x Химия  |2 stltpush  |3 (RuTPU)RU\TPU\subj\70629  |9 84834 
606 1 |a Сурьма  |x Химия  |2 stltpush  |3 (RuTPU)RU\TPU\subj\58324  |9 76120 
606 1 |a Сурьма,соединения  |x Производство  |2 stltpush  |3 (RuTPU)RU\TPU\subj\32826  |9 55251 
610 1 |a осаждение 
610 1 |a электрорафинирование 
610 1 |a растворимость 
610 1 |a термодинамические характеристики 
610 1 |a термографические исследования 
610 1 |a электролитическое восстановление 
610 1 |a сорбция 
610 1 |a десорбция 
675 |a 546.19  |v 3 
675 |a 546.86  |v 3 
675 |a 661.88  |v 3 
702 1 |a Абишев  |b Д. Н.  |4 340 
712 0 2 |a Академия наук Казахской ССР (АН КазССР)  |b Химико-металлургический институт (ХМИ)  |c (Караганда)  |2 stltpush  |3 (RuTPU)RU\TPU\col\7909 
801 1 |a RU  |b 63413507  |c 20091112 
801 2 |a RU  |b 63413507  |c 20190903  |g RCR 
942 |c BK